| 000 | 00681cab a2200241 4500 | ||
|---|---|---|---|
| 001 | WB3214-27 | ||
| 008 | 090401t1996 xxu||||| |||| 00| 0 eng d | ||
| 035 | _a(Sirsi) u64753 | ||
| 041 | _aeng | ||
| 245 | _aBack to the land | ||
| 260 | _c1996 | ||
| 350 | _a0 | ||
| 490 |
_aDaily Telegraph _v30 March 1996, B2(2) |
||
| 520 | _aHousebuilding land values have increased by 40% and builders are choosing now to stock up on it. Includes index of prices of housebuilding land. | ||
| 650 | _aBUILDERS | ||
| 650 | _aHOUSE BUILDING LAND | ||
| 650 | _aLAND PURCHASE | ||
| 650 | _aLAND VALUES | ||
| 650 | _aPRICE RISES | ||
| 690 | _aLAND | ||
| 942 | _n0 | ||
| 948 | _c04/03/1997 | ||
| 999 |
_c40344 _d40344 |
||